000 00421nam a2200121Ia 4500
008 170224s9999 xx 000 0 und d
245 _aBelieving in “us”: Exploring leaders’ capacity to enhance team confidence and performance by building a sense of shared social identity.
260 _bJournal of Experimental Psychology: Applied
260 _c2015
300 _a21:1
500 _aMarch
650 _xPsychology.
999 _c316389
_d316389